[Event "ASEAN-ch U16 15th"]
[Site "Taipa"]
[Date "2014.06.08"]
[Round "8"]
[White "Lim, Ming Xian"]
[Black "Woong, Zhi Wei William"]
[Result "1/2-1/2"]
[WhiteElo "1732"]
[BlackElo "1862"]
[PlyCount "105"]
[EventDate "2014.06.04"]
[EventType "swiss"]
[EventRounds "9"]
[EventCountry "MAC"]
[SourceTitle "CBM 160 Extra"]
[Source "ChessBase"]
[SourceDate "2014.07.01"]
[SourceVersion "1"]
[SourceVersionDate "2014.07.01"]
[SourceQuality "1"]

1. e4 c5 2. Nf3 e6 3. d4 cxd4 4. Nxd4 a6 5. Bd3 Bc5 6. Nb3 Be7 7. 0-0 d6 8. Be3 Nf6 9. Nc3 Nbd7 10. f4 b5 11. f5 e5 12. h3 Bb7 13. a3 0-0 14. Kh2 Nc5 15. Nxc5 dxc5 16. Qf3 c4 17. Be2 Qc7 18. Qg3 Kh8 19. Bf3 b4 20. axb4 Bxb4 21. Qh4 Bxc3 22. bxc3 Ne8 23. g4 f6 24. g5 fxg5 25. Bxg5 Nf6 26. Rae1 a5 27. Bh5 Nxh5 28. Qxh5 Ra6 29. Re2 a4 30. f6 g6 31. Qh4 Rf7 32. Bh6 Kg8 33. Bg7 a3 34. Rg1 Rd7 35. Rxg6 hxg6 36. Qh8+ Kf7 37. Qf8+ Ke6 38. Qe8+ Kd6 39. Rd2+ Kc6 40. Qe6+ Rd6 41. Qxd6+ Qxd6 42. Rxd6+ Kxd6 43. f7 Ra8 44. f8Q+ Rxf8 45. Bxf8+ Ke6 46. Bxa3 Bxe4 47. h4 Kf5 48. Kg3 Bc6 49. Kf2 Ke4 50. Ke2 Ba4 51. Kd2 Kf3 52. Be7 e4 53. Bg5 1/2-1/2

[Event "Penang op-A 5th"]
[Site "Penang"]
[Date "2013.12.10"]
[Round "2"]
[White "Fong, Choong Ee"]
[Black "Lim, Ming Xian"]
[Result "0-1"]
[WhiteElo "1932"]
[BlackElo "1686"]
[PlyCount "67"]
[EventDate "2013.12.09"]
[EventType "swiss"]
[EventRounds "9"]
[EventCountry "MAS"]
[SourceTitle "CBM 157 Extra"]
[Source "ChessBase"]
[SourceDate "2013.12.19"]
[SourceVersion "1"]
[SourceVersionDate "2013.12.19"]
[SourceQuality "1"]

1. e4 e6 2. d4 d5 3. e5 c5 4. c3 Nc6 5. Nf3 Bd7 6. a3 Nge7 7. b4 cxd4 8. cxd4 Nf5 9. Bb2 Qb6 10. g4 Nh6 11. h3 Be7 12. Nbd2 0-0 13. Nb3 f6 14. Nc5 Qc7 15. Rc1 fxe5 16. dxe5 Nf7 17. Nd3 Qb6 18. h4 a5 19. Bc3 axb4 20. axb4 Nxb4 21. Rb1 Nxd3+ 22. Bxd3 Qc7 23. Rc1 Bc6 24. g5 Qd8 25. Nd4 Nxe5 26. Bxh7+ Kxh7 27. Qh5+ Kg8 28. g6 Nxg6 29. Nxe6 Qb6 30. Rh2 Nf4 31. Nxf4 Rxf4 32. Bxg7 Qb4+ 33. Bc3 Qe4+ 34. Kf1 0-1

[Event "Penang op-A 5th"]
[Site "Penang"]
[Date "2013.12.10"]
[Round "3"]
[White "Lim, Ming Xian"]
[Black "Khoo, Chang Gee"]
[Result "0-1"]
[WhiteElo "1686"]
[BlackElo "1976"]
[PlyCount "80"]
[EventDate "2013.12.09"]
[EventType "swiss"]
[EventRounds "9"]
[EventCountry "MAS"]
[SourceTitle "CBM 157 Extra"]
[Source "ChessBase"]
[SourceDate "2013.12.19"]
[SourceVersion "1"]
[SourceVersionDate "2013.12.19"]
[SourceQuality "1"]

1. e4 c5 2. Nc3 Nc6 3. f4 e6 4. Nf3 d5 5. Bb5 Nge7 6. exd5 exd5 7. Qe2 f6 8. Bxc6+ bxc6 9. d3 Kf7 10. 0-0 Nf5 11. b3 Bd6 12. Na4 Re8 13. Qf2 d4 14. g3 Kg8 15. Bd2 Be6 16. Rfe1 Bd5 17. Rxe8+ Qxe8 18. Re1 Qh5 19. Nh4 Nxh4 20. gxh4 Re8 21. Rxe8+ Qxe8 22. Qe1 Qh5 23. Kf1 Kf7 24. c4 Qf3+ 25. Qf2 Qxd3+ 26. Kg1 Bf3 27. Qe1 Be4 28. Qd1 Bf3 29. Qe1 Qf5 30. Qg3 Qb1+ 31. Kf2 Be4 32. Qg4 Bf5 33. Qh5+ Bg6 34. Qg4 Qf5 35. Qf3 Qe4 36. Qg4 Bf5 37. Qh5+ Kf8 38. Qf3 Qxf3+ 39. Kxf3 Bb1 40. a3 Bc2 0-1

[Event "Penang op-A 5th"]
[Site "Penang"]
[Date "2013.12.09"]
[Round "1"]
[White "Lim, Ming Xian"]
[Black "Bagamasbad, Efren"]
[Result "0-1"]
[WhiteElo "1686"]
[BlackElo "2180"]
[PlyCount "106"]
[EventDate "2013.12.09"]
[EventType "swiss"]
[EventRounds "9"]
[EventCountry "MAS"]
[SourceTitle "CBM 157 Extra"]
[Source "ChessBase"]
[SourceDate "2013.12.19"]
[SourceVersion "1"]
[SourceVersionDate "2013.12.19"]
[SourceQuality "1"]

1. e4 b6 2. d4 Bb7 3. Bd3 Nf6 4. Nc3 e6 5. Nf3 d5 6. e5 Ne4 7. Nd2 Nxd2 8. Bxd2 c5 9. Bb5+ Bc6 10. Be3 cxd4 11. Bxd4 Bb4 12. 0-0 0-0 13. Bxc6 Nxc6 14. Ne2 Qc7 15. f4 Nxd4 16. Nxd4 Bc5 17. c3 b5 18. Kh1 Bxd4 19. cxd4 Rac8 20. Rc1 Qb6 21. Qd2 Rc4 22. Rfd1 Rfc8 23. b3 R4c6 24. Kg1 Rxc1 25. Rxc1 Rxc1+ 26. Qxc1 Qxd4+ 27. Kf1 h5 28. g3 b4 29. Qc8+ Kh7 30. Qc7 Qa1+ 31. Kg2 Qxa2+ 32. Kh3 Qb1 33. Qxa7 Qf5+ 34. Kg2 h4 35. Qe7 g5 36. Qxb4 h3+ 37. Kf2 Qc2+ 38. Kf3 Qd1+ 39. Kf2 g4 40. Qe7 Qf3+ 41. Ke1 Qh1+ 42. Kd2 Qxh2+ 43. Kc1 Qg1+ 44. Kb2 Qd4+ 45. Ka2 Qd2+ 46. Ka3 Qc1+ 47. Ka2 Qc2+ 48. Ka3 Qg6 49. Qc7 h2 50. Qc1 Qe4 51. Qc7 Kg7 52. Qe7 h1Q 53. Qf6+ Kg8 0-1